000 00492nam a2200193 a 4500
005 20231101063634.0
008 991125s1996 mx 000 0 spa u
020 _a9681650719
035 _aUPN01000043646
049 _aF
050 4 _aPQ7297 CH7
_bP37
100 1 _aChumacero, Alí,
_d1918-2010
245 1 0 _aPáramo de sueños /
_cAlí Chumacero.
260 _aMéxico :
_bFCE,
_c1996.
300 _a72 p.
440 0 _aFondo 2000
650 4 _aPoesía mexicana
_91273
905 _aLibro
999 _c43646
_d43646